| 000 | 00677nam a2200205 i 4500 | ||
|---|---|---|---|
| 001 | 126277 | ||
| 003 | ES-MaACL | ||
| 005 | 20250717094523.0 | ||
| 007 | t| | ||
| 008 | 070214s1932 sp r ||||1| spa d | ||
| 100 | 1 |
_aRecasens y Girol, Sebastián, _d1863-1933 _995752 |
|
| 245 | 1 | 0 |
_aTratado de obstetricia / _cSebastián Recasens Girol ; con varios capítulos originales del doctor Luis Recasens Serrano. |
| 250 | _a6ª. ed. | ||
| 260 |
_aBarcelona : _bSalvat, _c1932. |
||
| 300 |
_aXV, 1091 p. : _bil. ; _c25 cm. |
||
| 650 | 7 |
_aObstetricia _2embne _915676 |
|
| 700 | 1 |
_aRecasens Serrano, Luis. _995750 |
|
| 852 |
_aES-MaACL _jE-1685 |
||
| 999 |
_c126277 _d126277 |
||